Computational chemistry using the PC
Includes bibliographical references (p. 333-338) and index;
Đã lưu trong:
| Príomhúdar: | |
|---|---|
| Formáid: | Leabhar |
| Teanga: | Undetermined |
| Foilsithe: |
Hoboken
Wiley-Interscience
2003
|
| Ábhair: | |
| Rochtain Ar Líne: | http://lrc.tdmu.edu.vn/opac/search/detail.asp?aID=2&ID=30862 |
| Clibeanna: |
Cuir Clib Leis
Gan Chlibeanna, Bí ar an gcéad duine leis an taifead seo a chlibeáil!
|
| Thư viện lưu trữ: | Trung tâm Học liệu Trường Đại học Thủ Dầu Một |
|---|
| LEADER | 01311nam a2200205Ia 4500 | ||
|---|---|---|---|
| 001 | TDMU_30862 | ||
| 008 | 210410s9999 xx 000 0 und d | ||
| 082 | |a 915.98 | ||
| 090 | |b R427 | ||
| 100 | |a Rogers, Donald | ||
| 245 | 0 | |a Computational chemistry using the PC | |
| 245 | 0 | |c Donald W. Rogers | |
| 260 | |a Hoboken | ||
| 260 | |b Wiley-Interscience | ||
| 260 | |c 2003 | ||
| 300 | |a xx, 349 p. | ||
| 520 | |a Includes bibliographical references (p. 333-338) and index; |g Chapter 1. |t Iterative Methods -- |g Chapter 2. |t Applications of Matrix Algebra -- |g Chapter 3. |t Curve Fitting -- |g Chapter 4. |t Molecular Mechanics: Basic Theory -- |g Chapter 5. |t Molecular Mechanics II: Applications -- |g Chapter 6. |t Huckel Molecular Orbital Theory I: Eigenvalues -- |g Chapter 7. |t Huckel Molecular Orbital Theory II: Eigenvectors -- |g Chapter 8. |t Self-Consistent Fields -- |g Chapter 9. |t Semiempirical Calculations on Larger Molecules -- |g Chapter 10. |t Ab Initio Molecular Orbital Calculations | ||
| 650 | |a Chemistry |x Data processing; Chemistry |x Mathematics; Computational chemistry; Hóa học |x Xử lý dữ liệu; Hóa học |x Toán học; Hóa học tính toán | ||
| 856 | |u http://lrc.tdmu.edu.vn/opac/search/detail.asp?aID=2&ID=30862 | ||
| 980 | |a Trung tâm Học liệu Trường Đại học Thủ Dầu Một | ||